000 00474nam a2200229Ia 4500
003 IT-RoPAU
008 120407s9999 xx 000 0 und d
040 _aIT-RoPAU
040 _cIT-RoPAU
041 _aita
100 _aJean Lhermitte
245 _aVeri e falsi ossessi.
250 _aVicenza
260 _aEdizioni Paoline
260 _c1957
300 _a220 p.
300 _c21 cm
490 _v1
600 _a1. Ossessi.
942 _cBK
999 _c29227
_d29227